00635nam a22001697a 4500008004100000020001900041050002100060245010300081250001700184260004300201300004600244504005100290650003400341650003100375650002700406650003200433260122b |||||||| |||| 00| 0 eng d a97803234854563 aRT76b .S54 2020 aSheehy's emergency nursing :bprinciples and practice /cedited by Marianne Chulay, Suzanne Burns. a7th edition. aSt. Louis, Missouri :bElsevier,c2016 axii, 673p. :bcolor illustrations ;c28cm aIncludes bibliographical references and index. aEmergency nursingvTextbooks. aTrauma nursingvTextbooks. aCritical care nursing. aEmergency medical services.